Perú: perspectivas de política exterior
Guardat en:
| Autors principals: | , |
|---|---|
| Format: | Llibre |
| Idioma: | espanyol |
| Publicat: |
Lima
CEPEI
1985
|
| Matèries: | |
| Etiquetes: |
Afegir etiqueta
Sense etiquetes, Sigues el primer a etiquetar aquest registre!
|
MARC
| LEADER | 00000nam a2200000 a 4500 | ||
|---|---|---|---|
| 001 | UCO8152 | ||
| 003 | CL-VaPUC | ||
| 008 | 001201e19850000PE |||||||||||||||||spa|d | ||
| 082 | 0 | 4 | |a 327.85 |b FER |2 21 |
| 100 | 0 | |a Ferrero Costa, Eduardo |e author |9 452931 | |
| 700 | 0 | |a San Martín Caro, Alejandro |e author |9 452932 | |
| 245 | 1 | 0 | |a Perú: perspectivas de política exterior |
| 300 | |a 199 p | ||
| 942 | |c BK | ||
| 945 | |d 20001201 00:00:00 |a crobeson | ||
| 260 | |a Lima |b CEPEI |c 1985 | ||
| 500 | |a Donación del profesor Manfred Wilhelmy von Wolff | ||
| 600 | 0 | 7 | |a GARCIA PEREZ, ALAN |2 CL-VaPUC |9 452933 |
| 600 | 0 | 7 | |a GRUPO ANDINO |2 CL-VaPUC |9 345864 |
| 650 | 0 | |a Relaciones Internacionales |9 255740 | |
| 650 | 0 | |a Política exterior |9 316628 | |
| 650 | 0 | |a Discursos políticos |9 373524 | |
| 650 | 0 | |a Derecho internacional |9 255637 | |
| 651 | 0 | |a Perú |9 256567 | |
| 583 | |a last modification |c 20001201 00:00:00 |k Rodrigo Vera | ||
| 999 | |c 292881 |d 292879 | ||
| 952 | |0 0 |1 0 |4 0 |6 327_850000000000000_FER_1985 |7 0 |8 A |9 343957 |a BIBHIS |b BIBHIS |d 2019-11-20 |i 1235923 |o 327.85 FER 1985 |p 1235923 |r 2025-01-20 |w 2019-11-20 |y BK |k HIS | ||